RMS Titanic - Statistics

General Stats
  • This quiz has been taken 48 times
  • The average score is 14 of 23
Answer Stats
Question Answer % Correct
What year did the Titanic sink 1912
100%
Where was Titanic's planned destination New York
83%
How many 'deluxe' parlour suites did Titanic have 2
81%
Where did the Titanic depart from Southampton
81%
How many passengers died (Nearest 100) 1500
72%
How many lifeboats did titanic have 20
72%
Where was titanic built Belfast
72%
How many passengers were aboard (Nearest 100) 2200
69%
How many compartments were flooded when titanic hit the iceberg 6
69%
What ship rescued titanic's survivors Carpathia
69%
What was the captains name Edward Smith
69%
What country was titanic's stop after it left Southampton (2nd passenger collection) France
69%
What was the name of titanic's older sister ship Olympic
67%
Where was titanic registered Liverpool
64%
What was the name of the titanic's younger sister ship Britannic
61%
What modern day country was Titanic's final stop Ireland
61%
Who designed Titanic Thomas Andrews
58%
What ship was closest to the Titanic at the time of her sinking Californian
50%
What time did she go under 2:20am
44%
What time did the iceberg hit 11:40pm
39%
What date did the Titanic set sail 10th April
19%
What is the other name for A deck Promenade deck
19%
Which boiler room numbers were first flooded when the iceberg hit 6 and 5
8%
No matching quizzes found
Score Distribution
Percent of People with Each Score
Percentile by Number Answered
Your Score History
You have not taken this quiz